00448 2200169 4500001002100000005001500021035002000036245006200056100002100118250001700139300003400156260003400190082000800224084001400232020002200246650001000268INLIS00000000000094820250319114522 a0010-03250000441 aSeri Jelajah Dunia Hewan :bMamalia 2 /cRosana Hariyanti0 aRosana Hariyanti acetakan ke-1 aviii, 80 hlm :bilus ;c27 cm aSolo :bTiga Serangkai,c2019 a599 a599 ROS s a978-602-320-868-5 4aSains